|
|
|
|
| LEADER |
00000nab a2200000 a 4500 |
| 001 |
vtls011732637 |
| 003 |
SK-MaSNL |
| 005 |
20260303140445.0 |
| 008 |
230218|2010 xo |||||||||||||||||slo |
| 015 |
|
|
|a SNBRB
|
| 035 |
|
|
|a (urnnbn)urn:nbn:sk:snk:ar-a09i7c
|
| 035 |
|
|
|a urn:nbn:sk:snk-abfa1e
|
| 035 |
|
|
|a (uuid)3039ce26-28cd-443a-91a9-f71c56692fbf
|
| 040 |
|
|
|a SNKBUCL
|b slo
|c SNKBUCL
|e AACR2
|
| 041 |
0 |
|
|a slo
|
| 044 |
|
|
|a xo
|c SK
|
| 100 |
1 |
|
|a Chajdiak, Jozef,
|d 1952-2019
|4 aut
|9 211046
|
| 245 |
1 |
0 |
|a Vybrané aspekty aktuálneho makroekonomického vývoja SR do apríla 2010
|c Jozef Chajdiak
|
| 246 |
3 |
|
|a Selection aspects of the actual macroeconomic development SR into April 2010
|
| 773 |
0 |
|
|t Forum statisticum Slovacum
|g Roč. 6, č. 3 (2010), s. 183-200
|
| 954 |
|
|
|a odborná, vedecká literatúra pôvodná (slovenská)
|2 lita
|
| 958 |
|
|
|a OND
|
| 958 |
|
|
|a EUIPO
|
| 958 |
|
|
|a article24
|
| 999 |
|
|
|c 1971921
|d 1973851
|